000 00317nam a22001337a 4500
082 _a780
_bGEE/A
100 _aGeetha Ravikumar
245 _aAppreciation of music:
_ba guide/
_cGeetha Ravikumar
260 _aChennai:
_bL K M Publication,
_c2009.
300 _a95p.
650 _aMusic
650 _aArts
942 _cBK
999 _c55546
_d55546